Rực rỡ cờ bay ngày vui của Đội Những tác phẩm đoạt giải cuộc vận động sáng tác ca khúc cho thiếu nhi. Nhân dịp kỉ niệm 70 năm ngày thành lập Đội Thiếu niên Tiền phong Hồ Chí Minh
Giới thiệu các khúc chọn lọc viết cho thiếu nhi và cho Đội Thiếu niên Tiền phong Hồ Chí Minh
Đã lưu trong:
| Andre forfattere: | , , , , |
|---|---|
| Format: | Musical Score Bog |
| Sprog: | Vietnamese |
| Udgivet: |
H.
Đại học Sư phạm
2012
|
| Serier: | Tủ sách Tuổi hồng
|
| Fag: | |
| Tags: |
Tilføj Tag
Ingen Tags, Vær først til at tagge denne postø!
|
| Thư viện lưu trữ: | Mạng thư viện Đại học Đà Nẵng |
|---|
| LEADER | 01964acm a22004698a 4500 | ||
|---|---|---|---|
| 001 | 000023131 | ||
| 003 | 19580 | ||
| 005 | 20150601150626.0 | ||
| 008 | 150601s2012 viesd | ||
| 020 | |c 20000đ |d 1000b | ||
| 041 | 0 | |a vie | |
| 082 | 1 | 4 | |2 14 |a 782.42 |b Rưc |
| 245 | 0 | 0 | |a Rực rỡ cờ bay ngày vui của Đội |b Những tác phẩm đoạt giải cuộc vận động sáng tác ca khúc cho thiếu nhi. Nhân dịp kỉ niệm 70 năm ngày thành lập Đội Thiếu niên Tiền phong Hồ Chí Minh |c Nhạc, lời: Trần Thiết Hùng, Trần Minh Đặng, Nguyễn Hà Hải... |
| 260 | |a H. |b Đại học Sư phạm |c 2012 | ||
| 300 | |a 71 tr. |c 24 cm. | ||
| 490 | |a Tủ sách Tuổi hồng | ||
| 500 | |a ĐTTS ghi: Hội đồng Đội Trung ương | ||
| 504 | |a Thư mục đầu sách | ||
| 520 | |a Giới thiệu các khúc chọn lọc viết cho thiếu nhi và cho Đội Thiếu niên Tiền phong Hồ Chí Minh | ||
| 650 | 0 | 4 | |2 Bộ TK TVQG |a Âm nhạc |x Bài hát thiếu nhi |
| 650 | 7 | |2 Bộ TK TVQG | |
| 650 | 7 | |2 Bộ TK TVQG | |
| 651 | 7 | |2 Bộ TK TVQG |a Việt Nam | |
| 653 | |a Bài hát thiếu nhi | ||
| 653 | |a Âm nhạc | ||
| 653 | |a Đội thiếu niên Tiền Phong Hồ Chí Minh | ||
| 653 | |a Bản nhạc | ||
| 700 | 1 | |a Trần Minh Đặng |e nhạc, lời | |
| 700 | 1 | |a Lê Văn Cầu |e nhạc, lời | |
| 700 | 1 | |a Mai Công Thắng |e nhạc | |
| 700 | 1 | |a Trần Thiết Hùng |e nhạc, lời | |
| 700 | 1 | |a Nguyễn Hà Hải |e nhạc, lời | |
| OWN | |a LSP | ||
| AVA | |a UDN50 |b LSP |d 782.42 Rưc |e available |t Error 5001 Not defined in file expand_doc_bib_avail. |f 2 |g 0 |h N |i 0 |k 1 | ||
| 999 | |a From the UDN01 | ||
| AVA | |a UDN50 |b LSP |d 782.42 Rưc |e available |t Error 5001 Not defined in file expand_doc_bib_avail. |f 2 |g 0 |h N |i 0 |k 1 | ||
| TYP | |a Printed music | ||
| TYP | |a Monograph | ||
| 980 | |a Mạng thư viện Đại học Đà Nẵng | ||